Business law
| Main Author: | |
|---|---|
| Format: | Book |
| Published: |
London :
Marshall Cavendish ,
1995
|
| Subjects: |
MARC
| LEADER | 00000cam a2200000 7i4500 | ||
|---|---|---|---|
| 001 | 0000009080 | ||
| 002 | 000009892 | ||
| 005 | 20000330.0 | ||
| 020 | |a 1859411401 | ||
| 090 | 0 | 0 | |a 344.20666 |b KEL |
| 100 | 1 | |a Kelly, David | |
| 245 | 1 | 0 | |a Business law |c Dr David Kelly and Ann Holmes |
| 260 | |a London : |b Marshall Cavendish , |c 1995 | ||
| 300 | |a 283p. ; |c 20cm. | ||
| 650 | 0 | 0 | |a Business laws |z Uniterd Kingdom |
| 999 | |a 047523 |b BUKU |c PINJAMAN |e PERPUSTAKAAN KOMUNITI PETALING JAYA | ||
| 999 | |a 047525 |b BUKU |c PINJAMAN |e PERPUSTAKAAN KOMUNITI PETALING JAYA | ||